Statistics for Movies With The Highest Budgets

Click here to take the quiz!

General Stats

  • This quiz has been taken 19 times
  • The average score is 3 of 16

Answer Stats

BudgetMovie% Correct
$237Avatar
82%
$316Avengers: Infinity War
41%
$365Avengers: Age of Ultron
29%
$259Star Wars: The Force Awakens
29%
$300Pirates of the Caribbean: At World's End
24%
$275Solo: A Star Wars Story
24%
$263Batman v Superman: Dawn of Justice
18%
$263Star Wars: The Last Jedi
18%
$300Justice League
12%
$378.5Pirates of the Caribbean: On Stranger Tides
12%
$264John Carter
6%
$258Spider-Man 3
6%
$260Tangled
6%
$255Beauty and the Beast
0%
$250Harry Potter and the Half-Blood Prince
0%
$250The Fate of the Furious
0%

Score Distribution

Percentile by Number Answered

Percent of People with Each Score

Your Score History

You have not taken this quiz